Mira cómo ves : (Record no. 8711)

000 -CABECERA
fixed length control field 01206nam a22002657a 4500
003 - IDENTIFICADOR DEL NÚMERO DE CONTROL
control field AR-CdUCM
008 - DATOS DE LONGITUD FIJA--INFORMACIÓN GENERAL
fixed length control field 190325b ||||| |||| 00| 0 spa d
020 ## - NÚMERO INTERNACIONAL ESTÁNDAR DEL LIBRO
ISBN 978-612-45317-1-2
040 ## - FUENTE DE LA CATALOGACIÓN
Agencia/entidad que catalogó originalmente la obra MUNICIPALIDAD PROVINCIAL DEL CUSCO
Entidad que transcribió la catalogación BIBLIOTECA MUNICIPAL DEL CUSCO
082 ## - NÚMERO DE LA CLASIFICACIÓN DECIMAL DEWEY
No. de Clasificación 305.896 /
Notacion interna M671
100 ## - ENTRADA PRINCIPAL--NOMBRE DE PERSONA
Nombre Personal Centro de Desarrollo étnico
245 ## - MENCIÓN DE TÍTULO
Título Mira cómo ves :
Resto del título Racismo y estereotipos étnicos en los medios de comunicación /
260 ## - PUBLICACIÓN, DISTRIBUCIÓN, ETC.
Lugar de publicación, distribución, etc. Lima :
Nombre de la editorial, distribuidor, etc. Centro de Desarrollo étnico,
Fecha de publicación, distribución, etc. 2010.
300 ## - DESCRIPCIÓN FÍSICA
Nº de Páginas Extensión 205 páginas ;
Otros detalles físicos Fotografías,
Dimensiones 24 cm.
440 ## - MENCIÓN DE SERIE/PUNTO DE ACCESO ADICIONAL--TÍTULO
Título Caja negra
Número de la parte/sección de una obra 2
9 (RLIN) 24322
505 ## - NOTA DE CONTENIDO CON FORMATO
Nota de contenido formateada Contenido: Reúne las ponencias y documentos presentados en el Segundo Seminario Internacional "Los Medios de Comunicación Social: Hacia una Inclusión Étnica", realizado en Lima, del 28 de noviembre al 1 de diciembre de 2006.
650 ## - PUNTO DE ACCESO ADICIONAL DE MATERIA--TÉRMINO DE MATERIA
Descriptor Medios de comunicación de masas y relaciones raciales
9 (RLIN) 24323
650 ## - PUNTO DE ACCESO ADICIONAL DE MATERIA--TÉRMINO DE MATERIA
Descriptor Racismo en medios de comunicación de masas
9 (RLIN) 24324
650 ## - PUNTO DE ACCESO ADICIONAL DE MATERIA--TÉRMINO DE MATERIA
Descriptor Estereotipo
9 (RLIN) 24325
650 ## - PUNTO DE ACCESO ADICIONAL DE MATERIA--TÉRMINO DE MATERIA
Descriptor Discriminación racial
9 (RLIN) 11668
700 ## - PUNTO DE ACCESO ADICIONAL--NOMBRE DE PERSONA
Nombre Personal Mayorga Balcázar, Lilia
9 (RLIN) 24326
710 ## - PUNTO DE ACCESO ADICIONAL--NOMBRE DE ENTIDAD CORPORATIVA
Nombre corporativo (En letras Mayúsculas) Centro de Desarrollo Étnico (Lima)
9 (RLIN) 24327
942 ## - ELEMENTOS DE PUNTO DE ACCESO ADICIONAL (KOHA)
Fuente de clasificación
Tipo de item Libros-BMC
945 ## - PROCESAMIENTO DE INFORMACIÓN LOCAL (OCLC)
Catalogador davv
Holdings
Estado de retiro (separado) Fuente de clasificación o esquema de estanterías Estado dañado Ubicación Sala donde se ubica Nombre de la colección Fecha de adquisición o compra Costo, precio normal en soles Signatura topográfica Código de Barras Última vez visto (Koha) Tipo de ítem (Koha)
No     Sala Humanidades Sala Humanidades Book Cart 2019-03-25 50.00 305.896 / M671 SH0000009496 2019-03-25 Libros-BMC

Powered by Koha